000 01860nam a22004337a 4500
001 BRCA_9259
003 FranzMayer
005 20230717132047.0
008 230714b |||||||| |||| 00| 0 eng d
020 _a9786075028682
040 _aMFM
_besp
_cMFM
041 _aesp
050 0 _aN7343.3
_bH57 2020
100 1 _4Autor
_aYongnian, Xue
_928759
110 1 _4Editorial
_aUniversidad de Veracruz
_928760
240 1 _aHistoria del arte chino
_hTomo 3: De las cinco dinastías a la dinastía Yuan
_lesp
245 _aHistoria del arte chino
_bTomo 3: De las cinco dinastías a la dinastía Yuan
260 _aVeracruz, México
_bUniversidad de Veracruz
_c2020
300 _a443 p
_bIlustraciones a color
_c23 cm
440 _aHistoria del arte chino
_nTomo 3
_pDe las cinco dinastías ala dinastía Yuan
_vVolumen 3 (Tomo III)
_928761
500 _aL60/N5
505 2 _aTraducción de: Zhongguo MeishuAdaptación de: Zhongguo MeishuDestinado a: Historiadores, artistas, investigadores, antropólogos, sociólogosTexto en: españolIncluye índice (temático)
600 1 _2Autor
_aLi, Zhao
_928762
600 1 _2Autor
_aGang, Shang
_928763
600 1 _2Autor
_aYongnian Xue
_928764
610 1 _2Editorial
_aUniversidad de Veracruz
_928765
650 1 _2Arte
_aHistoria del arte
_vChina
_928766
651 _2Asia oriental
_aChina
_vArte
_928767
700 1 _4Coor. Trad.
_aSánchez Domínguez, Karla
_928768
700 1 _4Dis.
_aPozos Villanueva, Aida
_928769
700 1 _4Ed.
_aGarcía Valencia, Édgar
_928770
700 1 _4Trad.
_aGonzález Velázquez, Carmen
_928771
700 1 _4Trad.
_aPardo Domínguez, Yaoci
_928772
700 1 _4Trad.
_aSánchez Riaño, Adriana
_928773
700 1 _4Trad.
_aOrtega, Mariana
_928774
700 1 _4Trad.
_aDimitrova, Radina
_928775
710 1 _4Editorial
_aUniversidad de Veracruz
_928760
942 _2lcc
_cB
999 _c10878
_d10878